Statistics for UEFA Champions League Knowledge

Click here to take the quiz!

General Stats

  • This quiz has been taken 94 times
  • The average score is 9 of 15

Answer Stats

QuestionAnswer% Correct
Which team has won the most Champions Leagues?Real Madrid
100%
Which team won the 2015 Champions League?FC Barcelona
98%
Which player currently has the most Champions League goals of all time?Cristiano Ronaldo
97%
Which team has their slogan has: "Mes Que Un Club"FC Barcelona
97%
Which team won the 2012 Champions League?Chelsea
96%
Which was the only Portuguese team to win the Champions League?FC Porto
93%
Which team blew a 3-0 lead at halftime in the champions league final only to lose on penalties?Ac Milan
89%
Who was captain of Real Madrid's three-peat of winning the Champions League?Sergio Ramos
85%
What does the above slogan translate to in English?More than a club
55%
Who is the manager of FC Barcelona as of 2018?Ernesto Valverde
51%
Which city hosted the 2015 Champions League final?Berlin
33%
Which player, who played for Bayern Munich at the time, scored the fastest goal ever in Champions League history?Roy Makkay
12%
Which player, who played for Swansey City at the time, scored the fastest hat-trick in Champions League history?Bafetimbi Gomis
4%
What was the former name of the Champions League?European Champions Clubs Cup
0%
Who wrote the Champions League anthem?Tony Britten
0%

Score Distribution

Percentile by Number Answered

Percent of People with Each Score

Your Score History

You have not taken this quiz